Statistiken für Fußball EM Gewinner

Klicken Sie hier um das Quiz zu spielen!

Allgemein

  • Dieses Quiz wurde 459 mal gespielt
  • Das Durchschnittsergebnis liegt bei 10 aus 16

Antwortstatistiken

JahrGewinner% Korrekt
2020Italien
97%
2016Portugal
92%
2012Spanien
91%
2008Spanien
84%
1996Deutschland
78%
2004Griechenland
77%
2000Frankreich
72%
1980Deutschland
54%
1972Deutschland
51%
1992Dänemark
49%
1984Frankreich
43%
1968Italien
42%
1988Niederlande
42%
1964Spanien
31%
1960Russland | UdSSR
26%
1976Tschechien | ČSSR
20%

Verteilung der Resultate

Perzentil nach korrekt beantworteten Fragen

Anzahl Personen mit jedem Resultat

Ihre Resultats-Entwicklung

Sie haben dieses Quiz noch nicht gespielt